00273nam a2200073 4500084005000000100001300050245008200063260005400145 2Colon ClassificationaK:(F9G):(I8610bL:477:6) aNEETHU L aPhytochemical impregnated electrospun scaffolds in the healing of skin wounds aUniversity of Kerala,bS N College, Kollam,c2025